LEADER 01913oam 2200577zu 450 001 996213234903316 005 20210721054609.0 010 $a1-280-55605-6 010 $a9786610556052 010 $a0-470-86801-5 035 $a(CKB)111087027093256 035 $a(SSID)ssj0000133161 035 $a(PQKBManifestationID)11132083 035 $a(PQKBTitleCode)TC0000133161 035 $a(PQKBWorkID)10041145 035 $a(PQKB)11717877 035 $a(MiAaPQ)EBC4956775 035 $a(Au-PeEL)EBL4956775 035 $a(CaONFJC)MIL55605 035 $a(OCoLC)1024266759 035 $a(EXLCZ)99111087027093256 100 $a20160829d2003 uy 101 0 $aeng 135 $aurcnu|||||||| 181 $ctxt 182 $cc 183 $acr 200 10$aCrystal Design: Structure and Function 210 31$a[Place of publication not identified]$cJohn Wiley & Sons Incorporated$d2003 215 $a1 online resource (418 pages) 225 1 $aPerspectives in Supramolecular Chemistry ;$vv.2 300 $aBibliographic Level Mode of Issuance: Monograph 311 $a0-470-86469-9 311 $a0-470-84333-0 330 $aThis book covers major classes of crystals in the design of novel materials, with an emphasis on advances and applications. 410 0$aPerspectives in Supramolecular Chemistry 606 $aChemical & Materials Engineering$2HILCC 606 $aEngineering & Applied Sciences$2HILCC 606 $aMaterials Science$2HILCC 608 $aElectronic books. 615 7$aChemical & Materials Engineering 615 7$aEngineering & Applied Sciences 615 7$aMaterials Science 676 $a548 700 $aDesiraju$b Gautam R$066600 701 $aDesiraju$b G. R$g(Gautam R.)$066600 801 0$bPQKB 906 $aBOOK 912 $a996213234903316 996 $aCrystal Design: Structure and Function$92248613 997 $aUNISA